000 00468nam a2200181 i 4500
001 bg
100 1 _aBORISOV, Oleg B.
245 0 _aStosunki radziecko-chińskie 1945-1978 /
_cOleg Borisow, Borys Kołoskow.
260 _aWarszawa,
_c1979.
700 1 _aKOLOSKOV, Boris T.
700 1 _aBorisow, Oleg.
700 1 _aKołoskow, Borys.
040 _cBPK
041 _apol
080 _a327(510:47+57)
942 _cKS
008 s pl f |000 0 pol
999 _c20483
_d20483
856 _uhttp://koha.tu.koszalin.pl/cgi-bin/koha/opac-detail.pl?biblionumber=20483
_yKatalog online BPK